Diversidad de dietas de aves insectivoras en la selva lluviosa del Pacífico colombiano (Registro nro. 2522)

Detalles MARC
000 -CABECERA
Campo de control 00805nam a2200241 a 4500
005 - FECHA Y HORA DE LA ULTIMA TRANSACCION
Campo de control 20191224041639.0
008 - ELEMENTOS DE LONGITUD FIJA—INFORMACION GENERAL
Campo de control 140305b1996 ck ||||| |||| 00| 0 spa d
041 ## - IDIOMA
Código de idioma para texto/pista de sonido o título separado Español
044 ## - PAÍS DE PUBLICACIÓN
País de publicación Colombia
090 ## - CLASIFICACIÓN LOCAL
Colección LB
Consecutivo 02334
100 ## - ASIENTO PRINCIPAL--NOMBRE PERSONAL
Nombre personal Rocha, Raúl Leonardo
245 ## - MENCION DE TITULO
Título Diversidad de dietas de aves insectivoras en la selva lluviosa del Pacífico colombiano
260 ## - PUBLICACION, DISTRIBUCION, ETC. (PIE DE IMPRENTA)
Lugar de publicación, distribución, etc. Cali
Nombre del editor, distribuidor, etc. Universidad del Valle. Facultad de Ciencias
Fecha de publicación, distribución, etc. 1996
300 ## - DESCRIPCION FISICA
Extensión 32 p.
650 ## - ASIENTO SECUNDARIO DE MATERIA - TERMINO TEMATICO
Término temático o nombre geográfico como elemento de entrada Aves insectivoras
650 ## - ASIENTO SECUNDARIO DE MATERIA - TERMINO TEMATICO
Término temático o nombre geográfico como elemento de entrada Dieta
650 ## - ASIENTO SECUNDARIO DE MATERIA - TERMINO TEMATICO
Término temático o nombre geográfico como elemento de entrada Bosque húmedo tropical
650 ## - ASIENTO SECUNDARIO DE MATERIA - TERMINO TEMATICO
Término temático o nombre geográfico como elemento de entrada Comportamiento alimenticio
662 ## - ASIENTO SECUNDARIO DE MATERIA - JERARQUIA DEL NOMBRE DE LUGAR(
País o entidad mayor Colombia
Jurisdicción política intermedia Río Tatabro
Ciudad Buenaventura
Jurisdicción política de primer orden Valle del Cauca
700 ## - ASIENTO SECUNDARIO - NOMBRE PERSONAL
Nombre personal Chacón de Ulloa, Patricia
700 ## - ASIENTO SECUNDARIO - NOMBRE PERSONAL
Nombre personal Naranjo Henao, Luis Germán
942 ## - ELEMENTOS ADICIONALES (KOHA)
Tipo de ítem Impreso
Sistema de clasificación Local
Existencias
Withdrawn status Lost status Sistema de Clasificación Damaged status No para préstamo Colección Ubicación Permanente Ubicación actual Fecha de adquisición Total Checkouts Número topográfico Inventario / Código de Barras Date last seen Ejemplar Price effective from Forma de adquisición Tipo de material
    Local     Audiovisual Bogotá Bogotá 10/01/2002   LB-02334 035054 04/12/2012 Ej. 1 04/12/2012   CD-ROM